| 000 | 00329nam a2200121Ia 4500 | ||
|---|---|---|---|
| 008 | 250110s9999 xx 000 0 und d | ||
| 041 | _aeng | ||
| 100 |
_aDangi Kratika _9182553 |
||
| 245 | _aYoga Retreat Mulshi Pune | ||
| 260 |
_bFinal Year B. Arch, BNCA _c2014 |
||
| 300 | _a76p | ||
| 700 |
_aGuide Name:Dhamankar Namrata _9210226 |
||
| 999 |
_c363418 _d363418 |
||